00190 a2200085 450000100060000004000240000624000260003024500240005665000240008068605 cAnchieta - Itaigara10aOs templos da selval10aOs templos da selva 4aGeografia e viagens